Comparación de modelos de hidrodinámica de partícula suavizada (SPH) y modelos de enfoque euleriano
Guardado en:
| Autor principal: | |
|---|---|
| Formato: | Libro |
| Lenguaje: | Spanish |
| Publicado: |
[San José ], Costa Rica
2018
|
| Materias: | |
| Etiquetas: |
Agregar Etiqueta
Sin Etiquetas, Sea el primero en etiquetar este registro!
|
MARC
| LEADER | 00000nam a22000007a 4500 | ||
|---|---|---|---|
| 003 | 012914 | ||
| 005 | 20221231144349.0 | ||
| 008 | 180911b2018 cr a|||| ||m| 00| ||spa d | ||
| 040 | |c cru CEDI | ||
| 090 | |a TFG 8065 | ||
| 100 | |9 13835 |a Monterroso Cardona, Héctor | ||
| 245 | |a Comparación de modelos de hidrodinámica de partícula suavizada (SPH) y modelos de enfoque euleriano | ||
| 260 | |a [San José ], Costa Rica |c 2018 | ||
| 300 | |a vi, 86 hojas :ilustraciones a color | ||
| 500 | |a Proyecto de graduación (licenciatura en ingeniería civil)--Universidad de Costa Rica. Facultad de Ingeniería. Escuela de Ingeniería Civil | ||
| 501 | |a Director del Proyecto: Ing. Alberto Serrano Pacheco, PhD. | ||
| 650 | |x DINAMICA DE FLUIDOS COMPUTACIONAL |x INGENIERIA HIDRAULICA |x HIDRODINAMICA |9 13836 | ||
| 942 | |c TFG | ||
| 999 | |c 20754 |d 20754 | ||
